Hardened and transfer properties of self-compacting concretes containing pre-coated rubber aggregates with crushed dune sand (Record no. 60222)

MARC details
000 -LEADER
fixed length control field 00543nam a2200181Ia 4500
100 ## - MAIN ENTRY--AUTHOR NAME
Personal name Zaouai S
245 #0 - TITLE STATEMENT
Title Hardened and transfer properties of self-compacting concretes containing pre-coated rubber aggregates with crushed dune sand
260 ## - PUBLICATION, DISTRIBUTION, ETC. (IMPRINT)
Name of publisher Journal of Rubber Research
Year of publication 2020
300 ## - PHYSICAL DESCRIPTION
Number of Pages 12-May
500 ## - GENERAL NOTE
General note Source Year: 2020
650 ## - SUBJECT ADDED ENTRY--TOPICAL TERM
Topical Term Pre-coated rubber
700 ## - ADDED ENTRY--PERSONAL NAME
Personal name Benmerioul F
700 ## - ADDED ENTRY--PERSONAL NAME
Personal name Makani A
700 ## - ADDED ENTRY--PERSONAL NAME
Personal name Tafraoui A
856 ## - ELECTRONIC LOCATION AND ACCESS
Uniform Resource Identifier details only
942 ## - ADDED ENTRY ELEMENTS (KOHA)
Koha item type Journals
Holdings
Withdrawn status Lost status Damaged status Not for loan Home library Current library Shelving location Date acquired Serial Enumeration / chronology Koha item type
      Journals RRII Library RRII Library Rubber technology 17/12/2021 Volume 23, Issue 1 Journals